000 00591nam a22001817a 4500
005 20251108164129.0
008 250721s9999 xx 000 0 ara d
082 1 4 _aم/415/غيا
100 1 _aالغياث، لطف الله بن محمد
245 1 0 _aالمناهل الصافية إلى كشف معاني الشافية /
264 1 _aالقاهرة :
_bمكتبة الشباب،
_c[19-].
300 _a
650 1 7 _aاللغة العربية
650 1 7 _aقواعد اللغة
700 1 _aشاهين، عبد الرحمن
_eتحقيق
942 _2ddc
_cREF
999 _c4368
_d4368